Word Ladder: Robin Hood Quiz Stats

 Plays Quiz Updated Apr 10, 2018

Score 0/45 Timer 05:00
4 Plays Today
Clue 4-Letter Word % Correct
• “Rob the rich to feed the ___”•• POOR •
99.5%
Swimming spotPOOL
97.1%
Sheep’s coatWOOL
96.9%
Tiger Woods’ sportGOLF
96.8%
Dog’s bark soundWOOF
96.5%
• Metal in Nottingham coins •• GOLD •
95.7%
• Sheriff of Nottingham animal •• WOLF •
95.7%
Golfer’s targetHOLE
95.4%
GraspHOLD
95%
Fail to hitMISS
94.3%
Common gum flavorMINT
93.7%
Pig meatPORK
93.5%
Strike a soccer ballKICK
93.3%
Fog relativeMIST
93%
Good fortuneLUCK
92.9%
Wine bottle stopperCORK
92.9%
• The kind-hearted priest, Friar ___• TUCK •
92.2%
Door fastenerLOCK
92%
What dogs wagTAIL
91.8%
• Rooster •• COCK •
91.6%
Send by postMAIL
91.5%
Check mark or blood-sucking parasiteTICK
91%
Top-most part, like that of a mountainPEAK
90.9%
Clue 4-Letter Word % Correct
Musical groupBAND
90.8%
• Little John is this type of animal •• BEAR •
90.7%
Touch down, like a planeLAND
90.7%
Chinese vase dynastyMING
90.6%
Of great heightTALL
90.5%
• Prince John’s brother, ___ Richard •• KING •
90.4%
Ingredient in beerHOPS
90.3%
ExpectHOPE
90.2%
Bridge feeTOLL
89.9%
Job benefitPERK
89.5%
Shakira's don't lieHIPS
89.5%
Juicy fruitPEAR
89.4%
• Robin’s love interest, ___ Marian •• MAID •
89.2%
A twist in somethingKINK
89.1%
A fold or a curveBEND
88.9%
Rosary or necklace partBEAD
88.8%
• Prince John’s advisor, Sir ___• HISS •
87.6%
DepositedLAID
83.5%
Implement, like a hammerTOOL
82.3%
Animated characterTOON
78.9%
A fool or a fish-eating birdLOON
76.3%
• Prince John is this type of animal •• LION •
74.9%

Today's Daily Dose

Missing Word
Banned Books (A-Z)

Word Ladder
Janis Joplin

Get the Picture
Occupations

You're not logged in!

Compare scores with friends on all Sporcle quizzes.
OR
Log In

Sporcle TV

Today on Sporcle TV


Watch our educational content, quiz creation guides, and fun videos on Sporcle TV.

Show Comments

Extras

Top Quizzes Today


Score Distribution

Your Account Isn't Verified!

In order to create a playlist on Sporcle, you need to verify the email address you used during registration. Go to your Sporcle Settings to finish the process.

Report this User

Report this user for behavior that violates our Community Guidelines.

Details: